000 01110nam0a22003011 4500
001 rc\3593930
005 20260407051937.0
021 _aRU
_b72-49613
021 _aRU
_bРг12790-72
035 _a(NLR Aleph) 007703984
090 _a6777724
_c6777724
100 _a20130115d1972 |||y0rusy50 ca
101 0 _arus
102 _aRU
105 _aa i |||||
200 1 _aОб уходах гиростабилизатора, вызванных динамической несбалансированностью ротора и кожуха гироскопа
210 _aМосква
_cБ. и.
_d1972
215 _a9 с.
_cчерт.
_d20
225 1 _aИнститут проблем механики АН СССР. Препринт
_v№ 17
320 _aБиблиогр.: с. 8
700 1 _aПривалов
_bЕ.А.
701 1 _aРогачева
_bЛ.Н.
712 0 2 _aМарийский областной кооперативный совет
_3RU\NLR\AUTH\8810021359
_9540667
801 0 _aRU
_bNLR
_gpsbo
801 1 _aRU
_bELAR
_2rusmarc
852 _aNLR
_j72-4/18685
942 _cBOOK
980 _aNB